Nutrition and health development of Tamil Nadu/ (Record no. 22897)

MARC details
000 -LEADER
fixed length control field 00874nam a22002177a 4500
008 - FIXED-LENGTH DATA ELEMENTS--GENERAL INFORMATION
fixed length control field 090203t xxu||||| |||| 00| 0 eng d
010 ## - LCCN (DPL NO)
LC control number ENG-92775
020 ## - INTERNATIONAL STANDARD BOOK NUMBER
Terms of availability 75.00
035 ## - SYSTEM CONTROL NUMBER
System control number EN-76308
037 ## - SOURCE OF ACQUISITION
Source of stock number/acquisition DBAD / PUB
040 ## - CATALOGING SOURCE
Original cataloging agency dpl
Language of cataloging English
082 ## - DEWEY DECIMAL CLASSIFICATION NUMBER
Classification number 613.2
100 ## - MAIN ENTRY--PERSONAL NAME
Personal name Vasanthakumar, G.K.
245 ## - TITLE STATEMENT
Title Nutrition and health development of Tamil Nadu/
Statement of responsibility, etc by G.K. Vasanthakumar
260 ## - PUBLICATION, DISTRIBUTION, ETC. (IMPRINT)
Place of publication, distribution, etc Chennai
Name of publisher, distributor, etc Sidhartha Publication
Date of publication, distribution, etc 2007
270 ## - ADDRESS
Address Nat West Vijay Apartments Kavery Block III, Floor, Flat-K-3B, 48, Velacherr, Tambaram Main Road,
City Chennai
Postal code 600100
300 ## - PHYSICAL DESCRIPTION
Extent 113p.
Dimensions 28cm (pbk)
500 ## - GENERAL NOTE
General note Includes references
942 ## - ADDED ENTRY ELEMENTS (KOHA)
Source of classification or shelving scheme Dewey Decimal Classification
Item type English Books
Call number suffix VAS
Classification part 613.2
Holdings
Withdrawn status Lost status Source of classification or shelving scheme Damaged status Not for loan Collection code Home library Current library Date acquired Source of acquisition Cost, normal purchase price Total Checkouts Full call number Barcode Date last seen Copy number Cost, replacement price Koha item type
    Dewey Decimal Classification   Not For Loan Non-fiction D.B.Act.Division D.B.Act.Division 03/02/2009 DBAD / PUB 75.00   613.2 VAS EN-76308 03/02/2009 1 75.00 English Books

© Delhi Public Library
Hit Counter
free hit counter